| 000 | 00761nam a2200253 a 4500 | ||
|---|---|---|---|
| 001 | 000014822 | ||
| 003 | DO-SdBNP | ||
| 005 | 20171102122921.0 | ||
| 007 | 000014822 | ||
| 008 | 100122s2008 dr a 001 j spa d | ||
| 020 | _a9789945403299 | ||
| 040 |
_aBPMSU _bspa _cBPMSU |
||
| 082 | 4 |
_a920 _bL795i |
|
| 100 | 1 | _aLoaces, Ysabel | |
| 245 | 1 | 0 |
_aIsaac : _bun libro para no olvidarte / _cYsabel Loaces. |
| 260 |
_aSantiago de los Caballeros : _bSociedarte, _c2008. |
||
| 300 |
_a111 p. : _bil. ; _c21 cm. |
||
| 504 | _aIncluye referencias bibliográficas [p. 111] | ||
| 600 | 1 | 4 |
_aLOACES, YSABEL _xRELATOS PERSONALES |
| 600 | 1 | 4 | _aLOACES, ISAAC ABRAHAM |
| 942 |
_2ddc _cBK |
||
| 945 | _aInventariado / 2017 VM | ||
| 956 |
_aVMATEO _b10 _c20150511 _lBPMSU _h00151 |
||
| 999 |
_c7840 _d7840 |
||